| 000 | 00473nam a2200169 a 4500 | ||
|---|---|---|---|
| 001 | 4148 | ||
| 005 | 20140414131855.0 | ||
| 008 | 090331s19uu xx 00 eng d | ||
| 020 | _a1-582791-85-6 | ||
| 050 |
_aM 813.52 _bL84 2001 |
||
| 100 | _aLondon, Jack, 1876-1916. | ||
| 245 | _aThe call of the wild, and White Fang. | ||
| 260 |
_aNaples Florida : _bTrident Press International, _cc2001. |
||
| 300 | _a238 p. : cm. | ||
| 650 |
_aWolfdogs _xFiction. |
||
| 999 |
_c110391 _d110391 |
||